| 000 | 00422nam a22001577a 4500 | ||
|---|---|---|---|
| 008 | 161121b xxu||||| |||| 00| 0 eng d | ||
| 020 | _a978-8-18487601-4 | ||
| 082 |
_22012 _aDFic _bAu74e |
||
| 100 |
_917716 _aAusten. Jane |
||
| 245 |
_aEmma/ _cJane Austen. |
||
| 260 |
_aNew Delhi : _bBPI India PVT LTD, _cc2012. |
||
| 300 |
_a467 pages; _c18 cm. |
||
| 650 | 0 |
_917717 _aFiction |
|
| 365 |
_b340.00 _cPhp |
||
| 942 |
_2ddc _cDFIC |
||
| 999 |
_c5822 _d5822 |
||